| 000 | 01491nam a22001817a 4500 | ||
|---|---|---|---|
| 999 |
_c60162 _d60162 |
||
| 003 | Ge_BSU | ||
| 005 | 20230614130952.0 | ||
| 008 | 230614s1995 ge ||||| |||| 00| 0 geo d | ||
| 020 | _a1512-0252 | ||
| 041 | _ageo | ||
| 080 | _a94+7(05) ნ-28 | ||
| 245 |
_aნარკვევები : _bტ.1 / _cსამეც. რედ. ნოდარ ლომოური, გურამ ყიფიანი; რედ. ნინო ნადარაია; საქართველოს კულტურის სამინისტრო. საქართველოს აკადემიკოს შალვა ამირანაშვილის სახელობის საქართველოს ხელოვნების სახელმწიფო მუზეუმი |
||
| 700 |
_aლომოური, ნოდარ _eსამეც. რედაქტორი _95830 |
||
| 700 |
_aყიფიანი, გურამ _eსამეც. რედაქტორი _913514 |
||
| 700 |
_aნადარაია, ნინო _918698 |
||
| 710 |
_aსაქართველოს კულტურის სამინისტრო. _bსაქართველოს აკადემიკოს შალვა ამირანაშვილის სახელობის საქართველოს ხელოვნების სახელმწიფო მუზეუმი _918699 |
||
| 942 |
_2udc _cBK |
||